Pays qui ont plusieurs mots dans leur nom - Statistiques

Statistiques générales
  • Ce quiz a été pris 121 fois
    82 depuis la dernière actualisation
  • Le résultat moyen est 27 sur 36
Statistiques - réponses
Pays % Correct
Arabie Saoudite
93%
Corée du Nord
90%
Corée du Sud
90%
Afrique du sud
87%
États-Unis
87%
République démocratique du congo
87%
Nouvelle Zélande
85%
Sainte Lucie
85%
République du Congo
84%
République Dominicaine
82%
Saint Vincent et les Grenadines
82%
Soudan du sud
82%
Émirats Arabes Unis
79%
Guinée Bissau
79%
Guinée équatoriale
79%
Papouasie-Nouvelle-Guinée
79%
Saint Christophe et Nièves
79%
Saint-Marin
78%
Royaume uni
76%
Macédoine du nord
75%
Bosnie-Herzégovine
73%
Cap Vert
73%
République tchèque
73%
Sâo Tomé-Et-Principe
72%
îles Marshall
70%
République centrafricaine
66%
Timor Oriental
66%
Antigua-et-Barbuda
64%
Pays-Bas
64%
Trinité et Tobago
61%
îles Salomon
60%
Sri Lanka
58%
Côte d'ivoire
55%
Burkina faso
54%
Costa rica
52%
Sierra Leone
49%
Aucun quiz correspondant
Distribution des résultats
% des personnes avec chaque résultat
Percentile par nombre de réponses
Votre historique - résultats
Vous n’avez pas pris ce quiz depuis la dernière actualisation